[Event "Challenge"]
[Site "http://www.queenalice.com/game.php?id=12388"]
[Date "2005.5.7"]
[Round "-"]
[White "chaves"]
[Black "funkade"]
[Result "0-1"]
[WhiteElo "953"]
[BlackElo "1809"]

1. h4 e5 2. a4 d5 3. d3 Nf6 4. Nf3 Bd6 5. Qd2 h6 6. b4 Qe7 7. g4 Bxg4 8. Bh3
Bxb4 9. c3 Bc5 10. Bb2 e4 11. dxe4 Nxe4 12. Qc2 Nxf2 13. Bxg4 Nxh1 14. Ba3 Bxa3
15. Nxa3 Ng3 16. Kf2 Ne4+ 17. Ke1 Nc6 18. Rb1 Qd6 19. Ra1 Qg3+ 20. Kd1 Qxg4 21.
Nb5 Qd7 22. Rc1 O-O-O 23. Nfd4 a6 24. Na3 Nxd4 25. cxd4 g5 26. hxg5 hxg5 27. e3
Rh1+ 28. Ke2 Rxc1 29. Qxc1 Qxa4 30. Nc2 Qc4+ 31. Ke1 Rh8 32. Qd1 Rh1# 0-1

[Event "AUTO-OPEN-83"]
[Site "http://www.queenalice.com/game.php?id=12813"]
[Date "2005.5.12"]
[Round "1"]
[White "Catamarca"]
[Black "funkade"]
[Result "0-1"]
[WhiteElo "1729"]
[BlackElo "1845"]

1. e4 e5 2. Bc4 Be7 3. Nf3 Nc6 4. d3 Nf6 5. O-O d6 6. h3 O-O 7. Nc3 Na5 8. Bd5
c6 9. Bb3 Nxb3 10. axb3 h6 11. Ne2 Qc7 12. Bd2 d5 13. exd5 cxd5 14. Ng3 Be6 15.
c4 Rfd8 16. Qc2 a6 17. Rfe1 Bd6 18. b4 e4 19. Nd4 Bxg3 20. fxg3 Bxh3 21. Bf4 Qb6
22. Be3 Bg4 23. c5 Qc7 24. Bf4 Qc8 25. Bd6 Rxd6 26. cxd6 Qxc2 27. Nxc2 exd3 28.
Ne3 d2 29. Rf1 Bh5 30. Nd1 Bxd1 31. Raxd1 Ne4 32. Rf4 Rd8 33. Kf1 Rxd6 34. Ke2
g5 35. Rf3 Rb6 36. Rd3 Rxb4 37. R1xd2 Nxd2 38. Rxd2 d4 39. Kd3 Kg7 40. Ke4 Kg6
41. Kd5 f5 42. Rf2 d3 43. Ke6 Re4+ 44. Kd7 Re2 0-1

[Event "AUTO-OPEN-83"]
[Site "http://www.queenalice.com/game.php?id=12814"]
[Date "2005.5.12"]
[Round "1"]
[White "funkade"]
[Black "Catamarca"]
[Result "1-0"]
[WhiteElo "1820"]
[BlackElo "1645"]

1. e4 e5 2. Nf3 d6 3. d4 exd4 4. Nxd4 Nf6 5. Nc3 Nbd7 6. Be2 Be7 7. Be3 O-O 8.
O-O Ne5 9. h3 a6 10. f4 Ng6 11. Bf3 c6 12. Qd2 Nh4 13. Be2 d5 14. e5 Ne4 15.
Nxe4 dxe4 16. Rad1 Qc7 17. Bf2 Ng6 18. Be3 Rd8 19. Qe1 f5 20. Bc4+ Kh8 21. Ne6
Bxe6 22. Bxe6 Rf8 23. Qf2 c5 24. c4 b6 25. Rd2 Rad8 26. Rfd1 Qc6 27. Rxd8 Bxd8
28. Bxf5 Rxf5 29. Rxd8+ Rf8 30. Rxf8+ Nxf8 31. Qd2 Qe8 32. Qd6 Qf7 33. b3 Kg8
34. Qxb6 Qh5 35. Qxc5 Qh4 36. Qd5+ Kh8 37. Qf7 Qe1+ 38. Kh2 Qb4 39. f5 Nd7 40.
Qxd7 1-0

[Event "AUTO-OPEN-83"]
[Site "http://www.queenalice.com/game.php?id=12841"]
[Date "2005.5.12"]
[Round "1"]
[White "Plague"]
[Black "funkade"]
[Result "0-1"]
[WhiteElo "1493"]
[BlackElo "1809"]

1. c4 e5 2. e4 Nf6 3. d3 c6 4. a4 d5 5. exd5 cxd5 6. cxd5 Nxd5 7. d4 Bb4+ 8. Bd2
exd4 9. Bb5+ Nc6 10. Qe2+ Be6 11. Bxb4 Nxb4 12. Na3 O-O 13. Nh3 Bxh3 14. O-O d3
15. Qf3 Be6 16. Rad1 a6 17. Bxd3 Nd4 18. Qe4 Bf5 19. Qh4 Bxd3 20. Rfe1 Qxh4 21.
g3 Qh3 22. Kh1 Nf3 23. Re3 Qxh2# 0-1

[Event "AUTO-OPEN-83"]
[Site "http://www.queenalice.com/game.php?id=12842"]
[Date "2005.5.12"]
[Round "1"]
[White "funkade"]
[Black "Plague"]
[Result "1-0"]
[WhiteElo "1785"]
[BlackElo "1507"]

1. e4 d5 2. e5 d4 3. Nf3 c5 4. c3 dxc3 5. bxc3 Qa5 6. Bc4 e6 7. O-O b5 8. Bb3 f6
9. d4 cxd4 10. cxd4 Bb7 11. Bb2 fxe5 12. dxe5 Nc6 13. Bxe6 b4 14. Nbd2 Nxe5 15.
Bxe5 Rd8 16. Qb3 Nf6 17. Bf7+ Ke7 18. Qe6# 1-0

[Event "AUTO-OPEN-83"]
[Site "http://www.queenalice.com/game.php?id=12859"]
[Date "2005.5.12"]
[Round "1"]
[White "SGrillo"]
[Black "funkade"]
[Result "0-1"]
[WhiteElo "1477"]
[BlackElo "1754"]

1. e4 e5 2. Nf3 Nc6 3. Bb5 a6 4. Bxc6 dxc6 5. d3 Bg4 6. h3 Bxf3 7. Qxf3 Nf6 8.
Bg5 Be7 9. O-O O-O 10. Bxf6 Bxf6 11. Nc3 Qd7 12. Ne2 Rfe8 13. Ng3 Qe6 14. b3 g6
15. a4 Rad8 16. Rfe1 Bg7 17. Re2 Qd6 18. Nf1 Re6 19. Nd2 Qd4 20. Rc1 Qb2 21.
Ree1 b5 22. axb5 cxb5 23. Qe2 c5 24. Nf3 Qc3 25. Qd2 Qxd2 26. Nxd2 f5 27. exf5
gxf5 28. Re2 Bh6 29. Rd1 c4 30. dxc4 bxc4 31. bxc4 Rd4 32. Kf1 Kf7 33. Ke1 Red6
34. g3 e4 35. h4 Kf6 36. c3 Rd3 37. c5 R6d5 0-1

[Event "AUTO-OPEN-83"]
[Site "http://www.queenalice.com/game.php?id=12860"]
[Date "2005.5.12"]
[Round "1"]
[White "funkade"]
[Black "SGrillo"]
[Result "1-0"]
[WhiteElo "1500"]
[BlackElo "1434"]

1. e4 e5 2. Nf3 d6 3. d4 Nc6 4. dxe5 dxe5 5. Qxd8+ Kxd8 6. Be3 h6 7. Nc3 Bb4 8.
O-O-O+ Ke8 9. Nd5 Ba5 10. Bb5 Bd7 11. Bxc6 Bxc6 12. Nxe5 Ne7 13. Nxe7 Kxe7 14.
Nxc6+ bxc6 15. Bc5+ Ke6 16. f3 Bb6 17. Bd4 Rad8 18. Bxg7 Rxd1+ 19. Rxd1 Rh7 20.
Bd4 Bxd4 21. Rxd4 Rg7 22. g3 Rg8 23. b4 Rb8 24. c3 Ke7 25. Kc2 Rd8 26. Kd3 Rxd4+
27. Kxd4 1-0

[Event "AUTO-MASTER-19"]
[Site "http://www.queenalice.com/game.php?id=19285"]
[Date "2005.7.13"]
[Round "1"]
[White "jiikoo"]
[Black "funkade"]
[Result "1-0"]
[WhiteElo "1960"]
[BlackElo "1782"]

1. e4 e5 2. Nf3 Nc6 3. Bc4 Nf6 4. Ng5 d5 5. exd5 Na5 6. Bb5+ c6 7. dxc6 bxc6 8.
Be2 h6 9. Nf3 e4 10. Ne5 Qd4 11. Ng4 Bxg4 12. Bxg4 e3 13. Be2 exf2+ 14. Kf1 Bd6
15. c3 Qh4 16. d3 O-O 17. Nd2 Nd5 18. Nf3 Qf6 19. d4 Rfe8 20. Kxf2 Bf4 21. Bxf4
Nxf4 22. Re1 Qg6 23. g3 Nd5 24. Ne5 Qf6+ 25. Bf3 Nb7 26. Qb3 Nd6 27. Nxc6 Nb6
28. Kg2 Nbc4 29. Ne7+ Rxe7 30. Bxa8 Ne3+ 31. Kg1 Ne4 32. Qb8+ Kh7 33. Qf4 Qxf4
34. gxf4 Nd2 35. b3 1-0

[Event "AUTO-MASTER-19"]
[Site "http://www.queenalice.com/game.php?id=19286"]
[Date "2005.7.13"]
[Round "1"]
[White "funkade"]
[Black "jiikoo"]
[Result "0-1"]
[WhiteElo "1873"]
[BlackElo "1896"]

1. e4 e5 2. Nf3 Nc6 3. d4 exd4 4. Nxd4 Bc5 5. Be3 Nxd4 6. Bxd4 Bxd4 7. Qxd4 Qf6
8. e5 Qh6 9. Nc3 Ne7 10. Bc4 Nc6 11. Qd5 O-O 12. O-O d6 13. exd6 Be6 14. Qe4
Bxc4 15. Qxc4 Qxd6 16. Rad1 Qg6 17. Nd5 Qd6 18. Rfe1 Rfe8 19. Ne3 Qf6 20. c3 a6
21. Nd5 Qd6 22. Ne3 Qf6 23. Rd7 Ne5 24. Qxc7 Nxd7 25. Qxd7 Qb6 26. b3 Rad8 27.
Qg4 Qa5 28. h3 Qxa2 0-1

[Event "AUTO-MASTER-19"]
[Site "http://www.queenalice.com/game.php?id=19299"]
[Date "2005.7.13"]
[Round "1"]
[White "funkade"]
[Black "salso"]
[Result "1-0"]
[WhiteElo "1751"]
[BlackElo "1936"]

1. e4 e6 2. d4 d5 3. exd5 exd5 4. Bd3 Nc6 5. Nf3 Bg4 6. c3 Bd6 7. O-O Nge7 8.
Re1 O-O 9. Bxh7+ Kh8 10. Bd3 Ng6 11. h3 Bxf3 12. Qxf3 Nce7 13. Bg5 Qd7 14. Bxe7
Bxe7 15. Bf5 Qd6 16. Na3 Qf6 17. Re2 c6 18. Rae1 Bd6 19. Qh5+ Kg8 20. Nc2 Bf4
21. Ne3 Qg5 22. Qxg5 Bxg5 23. Bxg6 fxg6 24. Ng4 Rf7 25. Ne5 Re7 26. Nxg6 Rxe2
27. Rxe2 Kf7 28. Ne5+ Kf8 29. g3 a5 30. f4 Bd8 31. g4 a4 32. g5 a3 33. b3 Ba5
34. b4 Bd8 35. Nd7+ Kf7 36. Nc5 b6 37. Ne6 c5 38. bxc5 bxc5 39. Nxc5 Rb8 40. Nd3
Ba5 41. Rc2 Kg6 42. Kg2 Kf5 43. Kf3 Rh8 44. Nf2 Rc8 45. Nd1 Bb6 46. Ne3+ Ke6 47.
f5+ Kd6 48. h4 Ba5 49. c4 Be1 50. Nxd5 Bxh4 51. Kg4 Be1 52. Nb6 Rb8 53. c5+ Kc6
54. d5+ Kb5 55. Nd7 Rd8 56. c6 Ba5 57. d6 1-0

[Event "AUTO-MASTER-19"]
[Site "http://www.queenalice.com/game.php?id=19300"]
[Date "2005.7.13"]
[Round "1"]
[White "salso"]
[Black "funkade"]
[Result "1-0"]
[WhiteElo "1894"]
[BlackElo "1839"]

1. d4 Nf6 2. Nf3 g6 3. c4 d5 4. e3 Bg7 5. Nc3 O-O 6. Qb3 c6 7. cxd5 cxd5 8. Be2
Nc6 9. O-O a6 10. Na4 b5 11. Nc5 Na5 12. Qd1 Nd7 13. Nxd7 Bxd7 14. Bd2 Nc4 15.
b3 Nb6 16. Ba5 Qb8 17. Rc1 Rc8 18. Qd3 Rxc1 19. Rxc1 Qb7 20. Ne5 Bf5 21. Qd2 Rc8
22. Rxc8+ Nxc8 23. Nd3 Bxd3 24. Bxd3 Qc6 25. Qc2 Na7 26. Qc5 Qxc5 27. dxc5 Nc6
28. Bb6 Kf8 29. a4 Nb4 30. axb5 axb5 31. Bxb5 1-0

[Event "AUTO-MASTER-19"]
[Site "http://www.queenalice.com/game.php?id=19301"]
[Date "2005.7.13"]
[Round "1"]
[White "funkade"]
[Black "dnptrs"]
[Result "0-1"]
[WhiteElo "1810"]
[BlackElo "1845"]

1. e4 c5 2. Nf3 Nc6 3. d4 cxd4 4. Nxd4 g6 5. Be3 Bg7 6. Qd2 Nf6 7. Nc3 O-O 8. f3
a6 9. g4 b5 10. Nxc6 dxc6 11. Qxd8 Rxd8 12. Ne2 Bb7 13. Rb1 a5 14. Bc5 Bf8 15.
Nf4 Rd7 16. Nd3 Rdd8 17. Kf2 Nd7 18. Be3 e5 19. Rd1 Ba6 20. a3 c5 21. Nc1 c4 22.
Bh3 Bc5 23. Bf1 Kf8 24. Ne2 b4 25. a4 Bxe3+ 26. Kxe3 Nc5 27. Ra1 Rd6 28. Ng3 b3
29. cxb3 Nxb3 30. Rb1 Rb8 31. Ne2 Nd2 32. Bg2 Rd3+ 33. Kf2 Nxb1 34. Rxb1 c3 0-1

[Event "AUTO-MASTER-19"]
[Site "http://www.queenalice.com/game.php?id=19302"]
[Date "2005.7.13"]
[Round "1"]
[White "dnptrs"]
[Black "funkade"]
[Result "1-0"]
[WhiteElo "1936"]
[BlackElo "1766"]

1. d4 Nf6 2. Nf3 g6 3. c4 d5 4. e3 dxc4 5. Bxc4 Bg7 6. Nc3 O-O 7. Qb3 Nc6 8. Qc2
Bf5 9. Qe2 Ne4 10. O-O e5 11. d5 Ne7 12. Nxe4 Bxe4 13. Rd1 Qd6 14. Ng5 Bf5 15.
e4 Bd7 16. Bd2 h6 17. Nf3 Nc8 18. a3 c5 19. b4 Nb6 20. Bb5 a6 21. Bxd7 Nxd7 22.
bxc5 Nxc5 23. Bb4 b6 24. Rac1 Rac8 25. Bxc5 bxc5 26. Rc3 Rc7 27. Nd2 Rfc8 28.
Rb1 Bf8 29. Nc4 Qf6 30. Rcb3 Bd6 31. Rb6 Rd7 32. Rxa6 Qe7 33. a4 f5 34. exf5
gxf5 35. Qh5 Qf6 36. Rb3 e4 37. Qd1 Bxh2+ 38. Kxh2 Qxa6 39. Nb6 Rcd8 40. Nxd7
Rxd7 41. Rb8+ Kg7 42. Qa1+ Kf7 43. Qh8 Qd6+ 44. g3 Kg6 45. Rg8+ Kh5 46. Qb2 f4
47. Qe2+ 1-0

[Event "AUTO-MASTER-48"]
[Site "http://www.queenalice.com/game.php?id=30719"]
[Date "2005.9.28"]
[Round "1"]
[White "surbeg"]
[Black "funkade"]
[Result "1-0"]
[WhiteElo "1831"]
[BlackElo "1730"]

1. e4 e5 2. Nf3 Nf6 3. Nc3 Bb4 4. a3 Ba5 5. b4 Bb6 6. Bc4 d6 7. O-O O-O 8. d3 a5
9. Bg5 Bg4 10. Nd5 Nbd7 11. h3 Bh5 12. Qe2 c6 13. Nxb6 1-0

[Event "AUTO-MASTER-48"]
[Site "http://www.queenalice.com/game.php?id=30720"]
[Date "2005.9.28"]
[Round "1"]
[White "funkade"]
[Black "surbeg"]
[Result "0-1"]
[WhiteElo "1748"]
[BlackElo "1818"]

1. e4 e6 2. d4 d5 3. exd5 exd5 4. Nf3 h6 5. Bf4 Nf6 6. Bd3 Bg4 7. h3 Bd6 8. Bxd6
Bxf3 9. Qxf3 Qxd6 10. O-O O-O 11. Nc3 c6 12. Rfe1 Nbd7 0-1

[Event "AUTO-MASTER-48"]
[Site "http://www.queenalice.com/game.php?id=30733"]
[Date "2005.9.28"]
[Round "1"]
[White "funkade"]
[Black "cadulima"]
[Result "0-1"]
[WhiteElo "1686"]
[BlackElo "1527"]

1. d4 d5 2. c4 Nc6 3. Nf3 dxc4 4. Nc3 Bg4 5. e3 e6 6. Bxc4 a6 7. Be2 Bb4 8. a3
Bxc3+ 9. bxc3 Qd6 10. O-O O-O-O 11. c4 Nf6 12. c5 Qd5 0-1

[Event "AUTO-MASTER-48"]
[Site "http://www.queenalice.com/game.php?id=30734"]
[Date "2005.9.28"]
[Round "1"]
[White "cadulima"]
[Black "funkade"]
[Result "1-0"]
[WhiteElo "1503"]
[BlackElo "1715"]

1. d4 Nf6 2. Bg5 Ne4 3. Qc1 c6 4. Bf4 g6 5. Bxb8 Rxb8 6. f3 Qa5+ 7. c3 Ng5 8. h4
Ne6 9. Nh3 Nxd4 10. Nd2 Nf5 11. Nc4 Qc7 12. Qf4 d6 13. g4 1-0